| 000 | 01140pam a2200325 a 4500 | ||
|---|---|---|---|
| 999 |
_c232677 _d232677 |
||
| 001 | 2542904 | ||
| 003 | NUST | ||
| 005 | 20170222122911.0 | ||
| 008 | 940810s1995 nyua b 001 0 eng | ||
| 010 | _a 94033891 | ||
| 020 | _a067399208X | ||
| 040 |
_aDLC _cDLC _dDLC |
||
| 043 | _an-us--- | ||
| 050 | 0 | 0 |
_aHF1359 _b.H87 1995 |
| 082 | 0 | 0 |
_a337 _220 |
| 100 | 1 | _aHusted, Steven L. | |
| 245 | 1 | 0 |
_aInternational economics / _cSteven Husted, Michael Melvin. |
| 250 | _a3rd ed. | ||
| 260 |
_aNew York, NY : _bHarperCollins College Publishers, _cc1995. |
||
| 300 |
_axvi, 544 p. : _bcol. ill. ; _c25 cm. |
||
| 440 | 4 | _aThe HarperCollins series in economics | |
| 504 | _aIncludes bibliographical references and index. | ||
| 650 | 0 | _aInternational economic relations. | |
| 650 | 0 | _aCommercial policy. | |
| 650 | 0 | _aFinance. | |
| 651 | 0 |
_aUnited States _xCommercial policy. |
|
| 700 | 1 |
_aMelvin, Michael _c(Economist) |
|
| 906 |
_a7 _bcbc _corignew _d1 _eocip _f19 _gy-gencatlg |
||
| 942 |
_2ddc _cBK |
||